[Event "St Jean CC op 0304"]
[Site "St Jean sur Richelieu"]
[Date "2004.01.03"]
[Round "2"]
[White "Royer, Christian"]
[Black "Paradis, Martin"]
[Result "1-0"]
[WhiteElo "1189"]
[BlackElo "1294"]
[PlyCount "83"]
[EventDate "2003.11.??"]
[EventType "swiss"]
[EventRounds "6"]
[EventCountry "CAN"]
[SourceTitle "EXT 2005"]
[Source "ChessBase"]
[SourceDate "2004.11.15"]
[SourceVersion "1"]
[SourceVersionDate "2004.11.15"]
[SourceQuality "1"]

1. d4 Nf6 2. Nf3 d6 3. e3 e6 4. Bd3 Be7 5. 0-0 0-0 6. c3 Re8 7. Nbd2 Nbd7 8. e4 Nf8 9. e5 Nd5 10. Ne4 b6 11. Re1 Bb7 12. Bd2 a5 13. a3 c6 14. c4 Nc7 15. Rc1 dxe5 16. Nxe5 f6 17. Nf3 c5 18. Qb3 Nd7 19. Be3 a4 20. Qc2 e5 21. dxe5 Nxe5 22. Nxe5 fxe5 23. Rcd1 Ne6 24. Ng3 Nd4 25. Bxd4 exd4 26. Bxh7+ Kh8 27. Bg6 Bc8 28. Bxe8 Qxe8 29. Nf5 Bxf5 30. Qxf5 Ra7 31. Re6 Rb7 32. Rde1 Rd7 33. Qe5 d3 34. Rh6+ Kg8 35. Qe6+ Qf7 36. Rh8+ Kxh8 37. Qxf7 d2 38. Rd1 g6 39. Qe8+ Kg7 40. Qxd7 Kf6 41. Rxd2 g5 42. Re2 1-0